Statistiques concernant Les 10 premiers thermes de la suite de Fibonacci

Cliquez ici pour prendre le quiz!

Statistiques générales

  • Ce quiz a été pris 99 fois
  • Le résultat moyen est 11 sur 11

Statistiques - réponses

HintRéponse% Correct
F11
100%
F21
100%
F43
100%
F55
100%
F68
100%
F00
99%
F32
99%
F713
93%
F821
91%
F934
89%
F1055
85%

Distribution des résultats

Percentile par nombre de réponses

% des personnes avec chaque résultat

Votre développement - résultats

Vous n’avez pas pris ce quiz